LEADER 02340nas 2200685-a 450 001 9910981685403321 005 20240731093103.0 011 $a1748-295X 035 $a(DE-599)ZDB2229443-0 035 $a(OCoLC)70848150 035 $a(CKB)1000000000221395 035 $a(CONSER)--2006264612 035 $a(EXLCZ)991000000000221395 100 $a20060807a20069999 --- - 101 0 $aeng 135 $aur||||||||||| 181 $ctxt$2rdacontent 182 $cc$2rdamedia 183 $acr$2rdacarrier 200 00$aAcute cardiac care 210 1$a[Abingdon, Oxfordshire, UK] :$cTaylor & Francis,$d[2006-] 210 4$d©2006- 215 $a1 online resource 300 $aRefereed/Peer-reviewed 311 $a1748-2941 531 $aACUTE CARD CARE 606 $aCardiovascular system$xDiseases$vPeriodicals 606 $aCardiovascular system$xDiseases 606 $aCardiovascular system$xSurgery 606 $aCardiovascular Diseases 606 $aCardiovascular Surgical Procedures 606 $aAppareil cardiovasculaire$xMaladies$vPériodiques 606 $aAppareil cardiovasculaire$xMaladies 606 $aAppareil cardiovasculaire$xChirurgie 606 $aCardiology$2ebps 606 $aCardiovascular system$xSurgery$2fast$3(OCoLC)fst00847239 606 $aCardiovascular system$xDiseases$2fast$3(OCoLC)fst00847181 606 $aMalalties cardiovasculars$2thub 608 $aRevistes electròniques$2thub 608 $aPeriodical. 608 $aPeriodicals.$2fast 610 $aHealth and social care 615 0$aCardiovascular system$xDiseases 615 0$aCardiovascular system$xDiseases. 615 0$aCardiovascular system$xSurgery. 615 12$aCardiovascular Diseases. 615 22$aCardiovascular Surgical Procedures. 615 6$aAppareil cardiovasculaire$xMaladies 615 6$aAppareil cardiovasculaire$xMaladies. 615 6$aAppareil cardiovasculaire$xChirurgie. 615 7$aCardiology. 615 7$aCardiovascular system$xSurgery. 615 7$aCardiovascular system$xDiseases. 615 7$aMalalties cardiovasculars 676 $a616.1 712 02$aEuropean Society of Cardiology.$bWorking Group on Acute Cardiac Care, 906 $aJOURNAL 912 $a9910981685403321 996 $aAcute cardiac care$94316450 997 $aUNINA